000 00554cam a22002051 4500
001 ne 62001169
003 DLC
005 20260227111737.0
008 890514s1933 tu 000 0ctur
010 _ane 62001169
035 _a(OCoLC)23540421
040 _aDLC
_cMiU
_dDLC
042 _apremarc
050 0 0 _aBP80.S25
_bE7
100 1 _aEgrun, Sadettin Nüzhet.
245 0 0 _aSabuhî,
_bhayatı ve eserleri.
260 _a[İstanbul]
_bKanaat Kütüphanesi,
_c1933.
300 _axxx, [2], 94 p.
_c18 cm.
600 0 0 _aSabuhi,
_dactive 17th century.
999 _c45211
_d45211